[Event "22nd Open"]
[Site "Staufer GER"]
[Date "2010.01.02"]
[Round "3"]
[White "Gruenter, M."]
[Black "Buecker, S."]
[Result "0-1"]
[WhiteElo "2150"]
[BlackElo "2345"]
[PlyCount "72"]
[EventDate "2010.01.02"]
[EventRounds "9"]
[EventCountry "GER"]
[Source "Mark Crowther"]
[SourceDate "2009.06.15"]

1. e4 d6 2. d4 f5 3. Nc3 Nf6 4. Bd3 fxe4 5. Nxe4 Nc6 6. Nf3 Nb4 7. O-O Nxd3 8.
Qxd3 Nxe4 9. Qxe4 Qd7 10. d5 Qg4 11. Qxg4 Bxg4 12. Nd4 Rc8 13. Re1 c6 14. c4 g6
15. h3 Bd7 16. Ne6 Bxe6 17. Rxe6 cxd5 18. cxd5 Rc5 19. Be3 Rxd5 20. Bxa7 Bg7
21. Re3 Ra5 22. Bb6 Rb5 23. Rb3 Rxb3 24. axb3 Kd7 25. Rc1 Rc8 26. Rxc8 Kxc8 27.
b4 Bxb2 28. Kf1 Kd7 29. b5 Ke6 30. Ke2 Kd5 31. Kd3 e5 32. f3 Ba3 33. g4 Bc5 34.
Bc7 Bf2 35. Bb8 Bb6 36. h4 h5 0-1

[Event "23rd Staufer-Open"]
[Site "Leinzell GER"]
[Date "2011.01.06"]
[Round "9"]
[White "Nabavi, P."]
[Black "Koenig, Dir1"]
[Result "1/2-1/2"]
[WhiteElo "2259"]
[BlackElo "2089"]
[PlyCount "37"]
[EventDate "2011.01.02"]
[EventRounds "9"]
[EventCountry "GER"]
[Source "Mark Crowther"]
[SourceDate "2010.09.06"]

1. d4 d6 2. e4 f5 3. Nc3 Nf6 4. Bd3 fxe4 5. Nxe4 Nc6 6. Bg5 Be6 7. Nf3 Nb4 8.
O-O Nxd3 9. Qxd3 Qd7 10. Rfe1 O-O-O 11. Bxf6 gxf6 12. d5 Bf7 13. Qd4 c5 14.
dxc6 bxc6 15. Re3 c5 16. Qd3 Qb7 17. Qa3 Rd7 18. Rae1 Rg8 19. Nh4 1/2-1/2

[Event "19th St Affrique Open"]
[Site "Saint Affrique FRA"]
[Date "2011.07.26"]
[Round "5.5"]
[White "Petitcunot, Pi"]
[Black "Iwanesko, A."]
[Result "0-1"]
[WhiteElo "2414"]
[BlackElo "2217"]
[PlyCount "76"]
[EventDate "2011.07.23"]
[EventRounds "9"]
[EventCountry "FRA"]
[Source "Mark Crowther"]
[SourceDate "2011.06.27"]
[WhiteTeam "United States"]
[BlackTeam "Israel"]
[WhiteTeamCountry "USA"]
[BlackTeamCountry "ISR"]

1. e4 d6 2. d4 f5 3. Nc3 fxe4 4. Nxe4 Nf6 5. Bd3 Nc6 6. Ng5 g6 7. c3 Bg7 8. h4
e5 9. h5 exd4 10. hxg6 Qe7+ 11. Ne2 Bd7 12. Kf1 Ne5 13. cxd4 Nxg6 14. Rxh7
O-O-O 15. Rxh8 Rxh8 16. Bxg6 Rh1+ 17. Ng1 Ng4 18. N5f3 Qe6 19. Bc2 Bb5+ 20. Bd3
Qf5 21. Ke2 Nxf2 22. Kxf2 Bxd3 23. Be3 Bf6 24. Ke1 Qe4 25. Kd2 Ba6 26. Qc2 Qg4
27. Re1 Qxg2+ 28. Kc1 Qg4 29. Nh2 Qg7 30. Qf5+ Kb8 31. Nhf3 b6 32. Bg5 Bxg5+
33. Qxg5 Qf7 34. Kb1 Rh5 35. Qd8+ Kb7 36. Ka1 Ra5 37. Kb1 Qxa2+ 38. Kc2 Qc4+
0-1

[Event "25th Staufer Open"]
[Site "Schwaebisch Gmuend GER"]
[Date "2013.01.06"]
[Round "9.21"]
[White "Mueller, Reinho"]
[Black "Koenig, Dir1"]
[Result "1-0"]
[WhiteElo "2308"]
[BlackElo "2084"]
[PlyCount "83"]
[EventDate "2013.01.02"]
[EventType "swiss"]
[EventRounds "9"]
[EventCountry "GER"]
[Source "Mark Crowther"]
[SourceDate "2013.01.07"]
[WhiteTeamCountry "ALG"]
[BlackTeamCountry "TUR"]

1. d4 f5 2. e4 d6 3. Nc3 Nf6 4. exf5 Bxf5 5. Nf3 g6 6. Bc4 Nc6 7. O-O Bg4 8. h3
Bxf3 9. Qxf3 e5 10. Bb5 exd4 11. Bxc6+ bxc6 12. Qxc6+ Kf7 13. Qc4+ d5 14. Qxd4
c5 15. Qd3 Rb8 16. Bg5 Be7 17. Rfe1 Rxb2 18. Rxe7+ Qxe7 19. Nxd5 Rd8 20. Nxe7
Rxd3 21. cxd3 Kxe7 22. a4 Rb4 23. a5 Rd4 24. Be3 Rd5 25. Kf1 Kd6 26. Ke2 Nd7
27. f4 Kc6 28. Bd2 Nb8 29. g4 Na6 30. Rf1 Nb4 31. f5 gxf5 32. gxf5 Re5+ 33. Kd1
Re7 34. Bxb4 cxb4 35. f6 Rf7 36. Rf5 Kd6 37. Kc2 Ke6 38. Rf3 Kd5 39. Kb3 Kc5
40. Rf4 h5 41. h4 a6 42. Ka4 1-0

[Event "Lisbon Christmas Op 2014"]
[Site "Lisbon POR"]
[Date "2014.12.26"]
[Round "1.4"]
[White "Perez Candelario, Man"]
[Black "Brethes, F."]
[Result "1-0"]
[WhiteElo "2565"]
[BlackElo "2276"]
[PlyCount "43"]
[EventDate "2014.12.26"]
[EventType "swiss"]
[EventRounds "9"]
[EventCountry "POR"]
[Source "Mark Crowther"]
[SourceDate "2014.12.29"]

1. e4 d6 2. d4 f5 3. Nc3 fxe4 4. Nxe4 Nf6 5. Bd3 Nc6 6. Nf3 Bg4 7. h3 Bh5 8.
Ng3 Bxf3 9. Qxf3 Nxd4 10. Qxb7 c5 11. c3 Rb8 12. Qa6 Rb6 13. Qa4+ Nc6 14. O-O
e6 15. Bg5 Be7 16. Rae1 Qd7 17. Bxf6 gxf6 18. Bb5 d5 19. c4 d4 20. Qd1 a6 21.
Ba4 Rxb2 22. Qf3 1-0

[Event "Borise Karadzica Mem 2016"]
[Site "Palic SRB"]
[Date "2016.10.30"]
[Round "3.18"]
[White "Timofeev, Arty"]
[Black "Pardic, O."]
[Result "1-0"]
[WhiteElo "2601"]
[BlackElo "2163"]
[PlyCount "49"]
[EventDate "2016.10.29"]
[EventType "swiss"]
[EventRounds "9"]
[EventCountry "SER"]
[SourceDate "2016.11.07"]

1. e4 d6 2. d4 f5 3. Nc3 Nf6 4. Qe2 Nc6 5. Nf3 fxe4 6. Nxe4 Bg4 7. Nxf6+ gxf6
8. Qb5 Bxf3 9. gxf3 d5 10. c3 Qd7 11. Qxb7 Rb8 12. Qa6 e5 13. dxe5 Rb6 14. Qa4
d4 15. Bd2 fxe5 16. O-O-O Bd6 17. Bd3 O-O 18. Bh6 Rxf3 19. Rhg1+ Kh8 20. Bc4
Rb8 21. Bg7+ Qxg7 22. Rxg7 Kxg7 23. Qxc6 Rxf2 24. Qd7+ Kh8 25. Rg1 1-0

[Event "Serbian Open 2016"]
[Site "Novi Sad SRB"]
[Date "2016.11.11"]
[Round "7.50"]
[White "Miracola, Giorgia"]
[Black "Damia, A."]
[Result "1-0"]
[WhiteElo "1894"]
[BlackElo "2260"]
[PlyCount "45"]
[EventDate "2016.11.06"]
[EventType "swiss"]
[EventRounds "9"]
[EventCountry "SER"]
[SourceDate "2016.11.21"]

1. e4 d6 2. d4 f5 3. Nc3 Nf6 4. Bd3 Nc6 5. Nf3 fxe4 6. Nxe4 Bg4 7. Be3 e5 8. h3
exd4 9. Bxd4 Bxf3 10. Bxf6 Bxd1 11. Bxd8 Rxd8 12. Rxd1 d5 13. Ng3 Bd6 14. Nf5
g6 15. Ne3 Be7 16. Bb5 a6 17. Ba4 b5 18. Bb3 d4 19. Nd5 Nb4 20. Nxc7+ Kd7 21.
Ne6 Nxc2+ 22. Kd2 Bb4+ 23. Kxc2 1-0

[Event "TCh-ESP 2nd Div 2018"]
[Site "Linares ESP"]
[Date "2018.08.17"]
[Round "5.7"]
[White "Lobo Rodriguez, J."]
[Black "Escudero Manzano, Sergio"]
[Result "1-0"]
[WhiteElo "2068"]
[BlackElo "2215"]
[PlyCount "95"]
[EventDate "2018.08.14"]
[EventType "team"]
[EventRounds "7"]
[EventCountry "ESP"]
[WhiteTeam "Grupo 64"]
[BlackTeam "CAC Beniajan Duochess B"]

1. d4 f5 2. Nc3 d6 3. e4 g6 4. Bd3 e6 5. Nf3 Nf6 6. Bg5 fxe4 7. Nxe4 Be7 8. Qd2
Nxe4 9. Bxe4 Bxg5 10. Nxg5 Qf6 11. O-O O-O 12. Nf3 Nc6 13. Rfe1 d5 14. Bd3 Nxd4
15. Ne5 Nc6 16. Nxc6 bxc6 17. c3 Rb8 18. Re3 Bd7 19. Rae1 Qf4 20. Qc2 Kg7 21.
g3 Qd6 22. Re5 Rf6 23. f4 Qc5+ 24. Kh1 Qd6 25. h4 c5 26. Kh2 c4 27. Bf1 Qb6 28.
R1e2 Qa5 29. a3 Qb6 30. Bh3 c5 31. Qd2 Qd6 32. Rf2 Rb6 33. g4 d4 34. g5 Rf8 35.
Qe2 d3 36. Qe3 Qb8 37. Rxc5 Rxb2 38. Rxc4 Rxf2+ 39. Qxf2 Rf7 40. Rd4 Bc6 41.
Bxe6 Re7 42. Bg4 Qb1 43. Qg1 Re1 44. Rd7+ Bxd7 45. Qd4+ Kf7 46. Qxd7+ Re7 47.
Be6+ Kf8 48. Qd8+ 1-0

[Event "23. Leuven Open"]
[Site "Leuven BEL"]
[Date "2011.11.12"]
[Round "4.8"]
[White "Hamblok, Roel"]
[Black "Verheyden, Jonas"]
[Result "1-0"]
[WhiteElo "2235"]
[BlackElo "2005"]
[EventDate "2011.11.10"]

1. e4 d6 2. Nc3 f5 3. d4 Nf6 4. Bd3 fxe4 5. Nxe4 Nc6 6. Nxf6+ exf6 7. Qh5+
g6 8. Bxg6+ hxg6 9. Qxh8 Qe7+ 10. Be3 Nb4 11. Nf3 Nxc2+ 12. Kd2 Bf5 13. 
Nh4 Qe4 14. Nxf5 Nb4 15. Rhc1 Qd3+ 16. Ke1 O-O-O 17. Qh7 c6 18. Qxg6 Kb8 
19. g4 d5 20. a3 Nc2+ 21. Rxc2 Qxc2 22. Qxf6 Re8 23. Qf7 Qe4 24. b4 Rd8 
25. Qf6 Re8 26. Qg6 Rd8 27. Kd2 Bd6 28. Qf6 1-0

[Event "e2e4 Buxton Open"]
[Site "Buxton ENG"]
[Date "2013.12.06"]
[Round "3"]
[White "Hebden, Mark L"]
[Black "Padilla Cabero, Pablo"]
[Result "1-0"]
[WhiteElo "2512"]
[BlackElo "2179"]
[EventDate "2012.06.29"]

1. d4 d6 2. e4 f5 3. Nc3 Nf6 4. Bd3 fxe4 5. Nxe4 Nc6 6. Nxf6+ exf6 7. c3 
Be6 8. Ne2 Qd7 9. O-O Be7 10. Nf4 Bf7 11. Qf3 O-O 12. Re1 Rfe8 13. Be3 d5 
14. h4 Nd8 15. Bc2 c6 16. h5 b6 17. Bd2 f5 18. Nh3 g6 19. Qg3 Nb7 20. Bf4 
Bd6 21. hxg6 Bxg6 22. Bxf5 Qxf5 23. Bxd6 Re6 24. Be5 Rf8 25. Re3 Nd8 26. 
Ng5 Ree8 27. Rae1 Nf7 28. Nf3 Re6 29. Nh4 Qc2 30. Bf4 Rxe3 31. Rxe3 Qd1+ 
32. Kh2 Qh5 33. f3 Kh8 34. Re7 a5 35. Kg1 a4 36. a3 Rg8 37. Rxf7 1-0

[Event "Slanic Moldova ROM, 1. Div (m)"]
[Site "Slanic Moldova ROM"]
[Date "2011.10.04"]
[Round "2.3"]
[White "Murariu, Andrei"]
[Black "Stanca, Adrian"]
[Result "1-0"]
[WhiteElo "2503"]
[BlackElo "2253"]
[EventDate "2011.10.03"]

1. e4 d6 2. d4 f5 3. Nc3 Nf6 4. Bd3 Nc6 5. Nge2 fxe4 6. Nxe4 e5 7. Bg5 Be7
8. Bxf6 Bxf6 9. d5 Ne7 10. Nxf6+ gxf6 11. Ng3 O-O 12. Qd2 Kh8 13. O-O-O 
Qe8 14. Rhf1 Qa4 15. c4 b5 16. Qh6 Rf7 17. Qh5 Rg7 18. Qe8+ Ng8 19. Qxb5 
Qxa2 20. Bb1 Qa1 21. Rd3 Qa6 22. Qxa6 Bxa6 23. b3 Ne7 24. f4 Ng6 25. fxe5 
fxe5 26. Nh5 Rf7 27. Rdf3 e4 28. Re3 c6 29. Rxe4 Ne5 30. dxc6 d5 31. Ref4 
Rg8 32. Nf6 dxc4 33. Nxg8 Kxg8 34. bxc4 Nxc6 35. Rg4+ Rg7 36. Rxg7+ Kxg7 
37. Rf4 Ne5 38. c5 Bb7 39. g3 h6 40. Kb2 Nd7 41. Rc4 1-0

[Event "Cracovia Open A"]
[Site "Krakow POL"]
[Date "2011.12.27"]
[Round "1.11"]
[White "Shishkin, Vadim UKR"]
[Black "Stremavicius, Titas"]
[Result "1-0"]
[WhiteElo "2449"]
[BlackElo "2179"]
[EventDate "2011.12.27"]

1. d4 f5 2. Nc3 d6 3. e4 Nf6 4. Bd3 fxe4 5. Nxe4 g6 6. h4 Bg7 7. h5 Nxh5 
8. Rxh5 gxh5 9. Qxh5+ Kf8 10. Ng5 Qe8 11. Nxh7+ Rxh7 12. Qxh7 Nd7 13. Bh6 
Qf7 14. Qh8+ 1-0

[Event "ch-Paracin 2012"]
[Site "Paracin SRB"]
[Date "2012.01.21"]
[Round "2.5"]
[White "Dinic,Dr"]
[Black "Stojkovic,DD"]
[Result "1-0"]
[WhiteTitle "FM"]
[WhiteElo "2310"]
[BlackElo "1898"]
[WhiteFideId "908347"]
[BlackFideId "912816"]
[EventDate "2012.01.20"]

1. e4 d6 2. d4 f5 3. Nc3 fxe4 4. Nxe4 g6 5. Nf3 Bg7 6. Bd3 Nf6 7. Nfg5 Nc6 8. c3
e6 9. O-O Qe7 10. Re1 O-O 11. Be3 Nd8 12. Nxf6+ Bxf6 13. Ne4 Bg7 14. Qe2 Nf7 15.
Rad1 b6 16. c4 e5 17. d5 Nh6 18. b4 Ng4 19. Bg5 Qf7 20. c5 Bf5 21. f3 Nf6 22.
cxd6 Bxe4 23. fxe4 cxd6 24. Rf1 h6 25. Bh4 g5 26. Bg3 Qg6 27. Rc1 Nh5 28. Bb5
Rxf1+ 29. Rxf1 Nxg3 30. hxg3 Rf8 31. Rxf8+ Bxf8 32. Bd7 Qg7 33. Be6+ Kh8 34. Qh5
Qe7 35. a4 a5 36. bxa5 bxa5 37. Kh2 Kg7 38. Qf3 Qc7 39. Qf1 Qa7 40. Qb5 Kf6 41.
Qe8 Qe7 42. Qa8 Qc7 43. Bf5 Bg7 44. Qe8 Qe7 45. Qg6# 1-0

[Event "30th Andorra Open"]
[Site "Andorra la Vella AND"]
[Date "2012.07.21"]
[Round "1.14"]
[White "Del Rio de Angelis,S"]
[Black "Sevillano Garcia,J"]
[Result "1-0"]
[WhiteTitle "GM"]
[WhiteElo "2547"]
[BlackElo "1963"]
[WhiteFideId "2203138"]
[BlackFideId "2211068"]
[EventDate "2012.07.21"]

1. d4 f5 2. e4 d6 3. Nc3 Nf6 4. exf5 Bxf5 5. Bd3 Bxd3 6. Qxd3 Qd7 7. Nf3 Na6 8.
O-O O-O-O 9. a3 Qg4 10. Re1 c6 11. b4 Nc7 12. b5 c5 13. a4 cxd4 14. Nxd4 e5 15.
Nf3 Be7 16. a5 Kb8 17. b6 Na6 18. bxa7+ Kxa7 19. Rb1 Qc8 20. Be3+ Ka8 21. Na4
Nd7 22. Nd2 Qc6 23. Nb6+ Nxb6 24. Rxb6 Qc8 25. Reb1 Rd7 26. Nc4 1-0

[Event "XXVI Belgrade Trophy 2012"]
[Site "Belgrade SRB"]
[Date "2012.11.25"]
[Round "2.43"]
[White "Vasovski,N"]
[Black "Radosavljevic,D"]
[Result "1/2-1/2"]
[WhiteTitle "IM"]
[WhiteElo "2254"]
[BlackElo "1862"]
[WhiteFideId "15000397"]
[BlackFideId "907529"]
[EventDate "2012.11.24"]

1. d4 f5 2. e4 d6 3. Nc3 Nf6 4. Bd3 e6 5. Nf3 Be7 6. O-O O-O 7. Re1 Nc6 8. exf5
exf5 9. d5 Ne5 10. Nd4 Nxd3 11. Qxd3 Ng4 12. f4 Bh4 13. g3 Bf6 14. h3 Bxd4+ 15.
Qxd4 Nf6 16. Be3 c5 17. dxc6 1/2-1/2

[Event "Vladivostok Cup Open"]
[Date "2010.03.19"]
[Round "1"]
[White "Chubukin, Alexandr"]
[Black "Frolov, Sergey"]
[Result "1-0"]
[BlackElo "1899"]
[EventDate "2009.??.??"]
[PlyCount "105"]
[WhiteElo "2235"]

1. e4 d6 2. d4 f5 3. Nc3 Nf6 4. e5 dxe5 5. dxe5 Qxd1+ 6. Kxd1 Ng4 7. Nh3 Nxe5
8. Bf4 Ng6 9. Nd5 Nxf4 10. Nxc7+ Kd8 11. Nxa8 Nxh3 12. gxh3 Nc6 13. c3 b6
14. Bg2 Bb7 15. b4 e5 16. Bd5 g6 17. a4 Kc8 18. a5 bxa5 19. b5 Nd8 20. c4 Bb4
21. b6 Bxa8 22. Bxa8 axb6 23. Kc2 Nb7 24. Rhd1 Kc7 25. Bxb7 Kxb7 26. Rd7+ Kc6
27. Rad1 Bc5 28. f3 Bd4 29. Rf7 Kd6 30. Kb3 Ke6 31. Rc7 f4 32. Ka4 Kf5 33. h4 h6
34. h3 h5 35. Rd2 Re8 36. Rg2 Re6 37. Rg7 Rf6 38. Rg5+ Ke6 39. R5xg6 Bf2
40. Rxf6+ Kxf6 41. Rg5 Bxh4 42. Rxh5 Bf2 43. h4 Bd4 44. Rg5 Bf2 45. Rg4 Bd4
46. h5 Kf5 47. Rg8 e4 48. Rf8+ Bf6 49. fxe4+ Kg5 50. h6 Bd4 51. h7 Kg6
52. h8=Q Bxh8 53. Rxh8
1-0